Województwa Polski 1975-1998 według dwóch pierwszych liter (z mapą) - Statystyki

Ogólne statystyki
  • Ten quiz został rozwiązany 72 razy
  • Średni wynik to 41 z 49
Odpowiedzi na mapie
Odpowiedzi zakodowano w zielono-czerwonej skali na mapie do tego quizu, zgodnie z poniższymi procentami.
 
Statystyki odpowiedzi
Województwo % Poprawnych
Białostockie
97%
Bialskopodlaskie
97%
Bielskie
97%
Łódzkie
97%
Łomżyńskie
97%
Gdańskie
95%
Szczecińskie
95%
Wałbrzyskie
95%
Warszawskie
95%
Konińskie
92%
Koszalińskie
92%
Legnickie
92%
Leszczyńskie
92%
Olsztyńskie
92%
Kaliskie
90%
Katowickie
90%
Krakowskie
90%
Krośnieńskie
90%
Lubelskie
90%
Opolskie
90%
Bydgoskie
89%
Zamojskie
89%
Zielonogórskie
89%
Poznańskie
87%
Wrocławskie
87%
Toruńskie
85%
Elbląskie
84%
Suwalskie
84%
Częstochowskie
82%
Gorzowskie
82%
Kieleckie
82%
Rzeszowskie
82%
Tarnobrzeskie
82%
Tarnowskie
82%
Radomskie
80%
Słupskie
80%
Pilskie
79%
Piotrkowskie
79%
Przemyskie
79%
Nowosądeckie
77%
Siedleckie
77%
Sieradzkie
77%
Płockie
75%
Chełmskie
72%
Ostrołęckie
72%
Jeleniogórskie
70%
Włocławskie
62%
Ciechanowskie
57%
Skierniewickie
52%
Nie znaleziono quizów pasujących do podanych kryteriów
Rozkład punktacji
Procent ludzi z każdym wynikiem
Percentyl według liczby udzielonych odpowiedzi
Twoja historia wyników
Nie rozwiązałeś tego quizu